[Event "GER-chW Blitz 2019"]
[Site "Magdeburg"]
[Date "2019.05.25"]
[Round "19.2"]
[White "Ries, Jutta"]
[Black "Fuchs, Judith"]
[Result "1-0"]
[WhiteElo "2017"]
[BlackElo "2218"]
[Annotator "NA"]
[PlyCount "41"]
[EventDate "2019.05.25"]
[EventType "tourn"]
[EventCountry "GER"]
[SourceTitle "playchess.com"]
[Source "ChessBase"]
[SourceQuality "1"]
[TimeControl "180+2"]

1. f4 {[%emt 0:00:00]} d5 {[%emt 0:00:00]} 2. Nf3 {[%emt 0:00:00]} c5 {[%emt 0:00:00]} 3. b3 {[%emt 0:00:03]} Nc6 {[%emt 0:00:03]} 4. Bb2 {[%emt 0:00:01]} Nf6 {[%emt 0:00:01]} 5. e3 {[%emt 0:00:01]} e6 {[%emt 0:00:06]} 6. Bb5 {[%emt 0:00:04]} Bd7 {[%emt 0:00:01]} 7. O-O {[%emt 0:00:02]} Qc7 {[%emt 0:00:03]} 8. Bxc6 {[%emt 0:00:09]} Bxc6 {[%emt 0:00:10]} 9. Ne5 {[%emt 0:00:00]} Bb5 {[%emt 0:00:03]} 10. d3 {[%emt 0:00:02]} Nd7 {[%emt 0:00:06]} 11. c4 {[%emt 0:00:16]} Bc6 {[%emt 0:00:25]} 12. Nxc6 {[%emt 0:00:02]} Qxc6 {[%emt 0:00:06]} 13. Nd2 {[%emt 0:00:02]} f6 {[%emt 0:00:15]} 14. Qf3 {[%emt 0:00:02]} Bd6 {[%emt 0:00:07]} 15. f5 {[%emt 0:00:26]} Ne5 {[%emt 0:00:32]} 16. Bxe5 {[%emt 0:00:10]} Bxe5 {[%emt 0:00:05]} 17. Rac1 {[%emt 0:00:04]} Qd6 {[%emt 0:01:04]} 18. fxe6 {[%emt 0:00:23]} Bxh2+ {[%emt 0:00:07]} 19. Kh1 {[%emt 0:00:01]} Rd8 {[%emt 0:00:11]} 20. Qh5+ {[%emt 0:00:01]} Ke7 {[%emt 0:00:09]} 21. Qf7# {[%emt 0:00:03]} 1-0

[Event "GER-chW Blitz 2019"]
[Site "Magdeburg"]
[Date "2019.05.25"]
[Round "19.3"]
[White "Kushka, Alena"]
[Black "Kotyk, Valeriya"]
[Result "1-0"]
[WhiteElo "2148"]
[BlackElo "1739"]
[Annotator "NA"]
[PlyCount "79"]
[EventDate "2019.05.25"]
[EventType "tourn"]
[EventCountry "GER"]
[SourceTitle "playchess.com"]
[Source "ChessBase"]
[SourceQuality "1"]
[TimeControl "180+2"]

1. d4 {[%emt 0:00:00]} Nf6 {[%emt 0:00:00]} 2. c4 {[%emt 0:00:00]} c5 {[%emt 0:00:00]} 3. d5 {[%emt 0:00:01]} b5 {[%emt 0:00:00]} 4. cxb5 a6 5. f3 {[%emt 0:00:05]} d6 {[%emt 0:00:02]} 6. e4 {[%emt 0:00:01]} axb5 {[%emt 0:00:08]} 7. Bxb5+ {[%emt 0:00:02]} Bd7 {[%emt 0:00:01]} 8. Bxd7+ {[%emt 0:00:06]} Nbxd7 {[%emt 0:00:02]} 9. Ne2 {[%emt 0:00:01]} g6 {[%emt 0:00:02]} 10. O-O Bg7 11. Nec3 {[%emt 0:00:09]} O-O {[%emt 0:00:02]} 12. a4 {[%emt 0:00:08]} Qb6 {[%emt 0:00:10]} 13. Nb5 {[%emt 0:00:12]} Ne5 {[%emt 0:00:06]} 14. Kh1 {[%emt 0:00:25]} c4 {[%emt 0:00:19]} 15. N1c3 {[%emt 0:00:23]} Nd3 {[%emt 0:00:06]} 16. Qe2 {[%emt 0:00:01]} Nd7 {[%emt 0:00:12]} 17. Be3 {[%emt 0:00:02]} Qb7 {[%emt 0:00:09]} 18. b3 {[%emt 0:00:06]} N3e5 {[%emt 0:00:23]} 19. bxc4 {[%emt 0:00:05]} Rfc8 {[%emt 0:00:01]} 20. Bd4 {[%emt 0:00:25]} Nxc4 {[%emt 0:00:07]} 21. Bxg7 {[%emt 0:00:03]} Kxg7 {[%emt 0:00:02]} 22. f4 {[%emt 0:00:20]} Ndb6 {[%emt 0:00:12]} 23. Nd4 {[%emt 0:00:23]} Qa6 {[%emt 0:00:12]} 24. e5 {[%emt 0:00:05]} dxe5 {[%emt 0:00:08]} 25. fxe5 {[%emt 0:00:03]} Na5 {[%emt 0:00:30]} 26. Qf3 {[%emt 0:00:09]} Rf8 {[%emt 0:00:02]} 27. Ncb5 {[%emt 0:00:03]} Rac8 {[%emt 0:00:07]} 28. e6 {[%emt 0:00:04]} f6 {[%emt 0:00:03]} 29. d6 {[%emt 0:00:12]} exd6 {[%emt 0:00:07]} 30. Nxd6 {[%emt 0:00:03]} Rc7 {[%emt 0:00:12]} 31. N4b5 {[%emt 0:00:06]} Rc5 {[%emt 0:00:03]} 32. e7 {[%emt 0:00:02]} Ra8 {[%emt 0:00:30]} 33. e8=Q {[%emt 0:00:04]} Rxe8 {[%emt 0:00:02]} 34. Nxe8+ {[%emt 0:00:01]} Kf7 {[%emt 0:00:00]} 35. Qxf6+ {[%emt 0:00:05]} Kxe8 {[%emt 0:00:01]} 36. Rae1+ {[%emt 0:00:03]} Kd7 {[%emt 0:00:01]} 37. Qd6+ {[%emt 0:00:02]} Kc8 {[%emt 0:00:09]} 38. Qxc5+ {[%emt 0:00:02]} Kb8 39. Qc7+ Ka8 40. Rf8+ 1-0

[Event "GER-chW Blitz 2019"]
[Site "Magdeburg"]
[Date "2019.05.25"]
[Round "19.4"]
[White "Schulze, Lara"]
[Black "Silz, Elisa"]
[Result "1-0"]
[WhiteElo "2160"]
[BlackElo "1977"]
[Annotator "NA"]
[PlyCount "129"]
[EventDate "2019.05.25"]
[EventType "tourn"]
[EventCountry "GER"]
[SourceTitle "playchess.com"]
[Source "ChessBase"]
[SourceQuality "1"]
[TimeControl "180+2"]

1. e4 {[%emt 0:00:00]} c5 {[%emt 0:00:00]} 2. Nf3 d6 3. d4 {[%emt 0:00:01]} cxd4 {[%emt 0:00:00]} 4. Nxd4 {[%emt 0:00:01]} Nf6 {[%emt 0:00:00]} 5. Nc3 {[%emt 0:00:00]} a6 {[%emt 0:00:01]} 6. Bc4 {[%emt 0:00:01]} e6 {[%emt 0:00:00]} 7. Bb3 {[%emt 0:00:01]} Be7 {[%emt 0:00:02]} 8. O-O {[%emt 0:00:02]} O-O {[%emt 0:00:00]} 9. Qf3 {[%emt 0:00:01]} Nc6 {[%emt 0:00:02]} 10. Nxc6 {[%emt 0:00:54]} bxc6 {[%emt 0:00:01]} 11. e5 {[%emt 0:00:02]} Nd5 {[%emt 0:00:02]} 12. exd6 {[%emt 0:00:05]} Bxd6 {[%emt 0:00:06]} 13. Ne4 {[%emt 0:00:04]} Be7 {[%emt 0:00:04]} 14. Rd1 {[%emt 0:00:14]} Qc7 {[%emt 0:00:02]} 15. c4 {[%emt 0:00:10]} Nf6 {[%emt 0:00:04]} 16. Be3 {[%emt 0:00:34]} Bb7 {[%emt 0:00:11]} 17. c5 {[%emt 0:00:06]} Rad8 {[%emt 0:00:08]} 18. Nxf6+ {[%emt 0:00:24]} Bxf6 {[%emt 0:00:01]} 19. Qe2 {[%emt 0:00:04]} a5 {[%emt 0:00:13]} 20. Bc4 {[%emt 0:00:06]} Qe5 {[%emt 0:00:06]} 21. Rab1 {[%emt 0:00:24]} Rxd1+ {[%emt 0:00:05]} 22. Qxd1 {[%emt 0:00:01]} Rd8 {[%emt 0:00:01]} 23. Qe1 {[%emt 0:00:04]} Qe4 {[%emt 0:00:14]} 24. Be2 {[%emt 0:00:11]} a4 {[%emt 0:00:08]} 25. Bf3 {[%emt 0:00:02]} Qd3 {[%emt 0:00:06]} 26. Rd1 {[%emt 0:00:06]} Qc2 {[%emt 0:00:09]} 27. Rxd8+ Bxd8 {[%emt 0:00:01]} 28. Qc1 {[%emt 0:00:06]} Qxc1+ {[%emt 0:00:02]} 29. Bxc1 {[%emt 0:00:01]} Bf6 {[%emt 0:00:08]} 30. Bd1 {[%emt 0:00:06]} a3 {[%emt 0:00:13]} 31. bxa3 Bd4 {[%emt 0:00:01]} 32. Be3 {[%emt 0:00:05]} Bb2 {[%emt 0:00:04]} 33. a4 {[%emt 0:00:02]} Ba6 {[%emt 0:00:10]} 34. Bf3 {[%emt 0:00:01]} Bb7 {[%emt 0:00:00]} 35. Kf1 {[%emt 0:00:01]} Kf8 {[%emt 0:00:01]} 36. Ke2 {[%emt 0:00:02]} Ke7 {[%emt 0:00:01]} 37. Kd2 {[%emt 0:00:00]} Kd7 {[%emt 0:00:07]} 38. Kc2 {[%emt 0:00:05]} Bf6 {[%emt 0:00:05]} 39. Be2 {[%emt 0:00:02]} Bd8 {[%emt 0:00:04]} 40. Kc3 {[%emt 0:00:03]} Ba5+ {[%emt 0:00:02]} 41. Kc2 {[%emt 0:00:04]} e5 {[%emt 0:00:05]} 42. Bd2 {[%emt 0:00:01]} Bxd2 {[%emt 0:00:10]} 43. Kxd2 {[%emt 0:00:01]} Ke6 {[%emt 0:00:01]} 44. Bc4+ {[%emt 0:00:07]} Kf6 45. a5 e4 {[%emt 0:00:09]} 46. Ke3 {[%emt 0:00:02]} Ke5 {[%emt 0:00:01]} 47. a6 {[%emt 0:00:01]} Ba8 {[%emt 0:00:01]} 48. a4 {[%emt 0:00:05]} f5 {[%emt 0:00:03]} 49. f4+ exf3 {[%emt 0:00:03]} 50. gxf3 {[%emt 0:00:01]} f4+ {[%emt 0:00:05]} 51. Kd3 {[%emt 0:00:01]} g5 {[%emt 0:00:03]} 52. Bf7 {[%emt 0:00:02]} h6 {[%emt 0:00:11]} 53. Bh5 {[%emt 0:00:01]} Kd5 {[%emt 0:00:04]} 54. Bg4 {[%emt 0:00:02]} Kxc5 {[%emt 0:00:01]} 55. a5 {[%emt 0:00:03]} Kb4 {[%emt 0:00:02]} 56. Bc8 {[%emt 0:00:01]} Kxa5 {[%emt 0:00:02]} 57. Bb7 {[%emt 0:00:01]} Kb6 {[%emt 0:00:06]} 58. Bxa8 {[%emt 0:00:01]} Kxa6 {[%emt 0:00:01]} 59. Bxc6 {[%emt 0:00:01]} h5 {[%emt 0:00:02]} 60. Bd7 {[%emt 0:00:06]} Kb6 {[%emt 0:00:03]} 61. Ke4 {[%emt 0:00:01]} Kc7 {[%emt 0:00:01]} 62. Be8 {[%emt 0:00:02]} Kd8 {[%emt 0:00:01]} 63. Bxh5 {[%emt 0:00:03]} Ke7 {[%emt 0:00:01]} 64. Kf5 {[%emt 0:00:01]} Kf8 {[%emt 0:00:02]} 65. Kxg5 {[%emt 0:00:01]} 1-0

[Event "GER-chW Blitz 2019"]
[Site "Magdeburg"]
[Date "2019.05.25"]
[Round "19.5"]
[White "Braje, Monika"]
[Black "Rath, Alina"]
[Result "0-1"]
[WhiteElo "1781"]
[BlackElo "2042"]
[Annotator "NA"]
[PlyCount "82"]
[EventDate "2019.05.25"]
[EventType "tourn"]
[EventCountry "GER"]
[SourceTitle "playchess.com"]
[Source "ChessBase"]
[SourceQuality "1"]
[TimeControl "180+2"]

1. e4 {[%emt 0:00:00]} c5 {[%emt 0:00:00]} 2. d4 {[%emt 0:00:00]} cxd4 {[%emt 0:00:00]} 3. c3 {[%emt 0:00:01]} d5 {[%emt 0:00:02]} 4. exd5 {[%emt 0:00:03]} Qxd5 {[%emt 0:00:01]} 5. Nf3 {[%emt 0:00:02]} Nf6 {[%emt 0:00:02]} 6. Qxd4 {[%emt 0:00:02]} Qxd4 {[%emt 0:00:02]} 7. Nxd4 {[%emt 0:00:01]} a6 {[%emt 0:00:08]} 8. Bc4 {[%emt 0:00:03]} e6 {[%emt 0:00:01]} 9. O-O {[%emt 0:00:03]} Be7 {[%emt 0:00:02]} 10. Nd2 {[%emt 0:00:03]} O-O {[%emt 0:00:02]} 11. N2f3 {[%emt 0:00:04]} b5 {[%emt 0:00:01]} 12. Bb3 {[%emt 0:00:01]} Bb7 {[%emt 0:00:02]} 13. Bf4 {[%emt 0:00:06]} Nbd7 {[%emt 0:00:08]} 14. Rad1 {[%emt 0:00:03]} Nc5 {[%emt 0:00:08]} 15. Bc2 {[%emt 0:00:02]} Bd5 {[%emt 0:00:10]} 16. a3 {[%emt 0:00:04]} h6 {[%emt 0:00:04]} 17. h3 {[%emt 0:00:05]} Rfe8 {[%emt 0:00:02]} 18. Rfe1 {[%emt 0:00:14]} Rac8 {[%emt 0:00:10]} 19. Rd2 {[%emt 0:00:29]} Nb7 {[%emt 0:00:06]} 20. Bb1 {[%emt 0:00:07]} Na5 {[%emt 0:00:02]} 21. Rde2 {[%emt 0:00:26]} Bf8 {[%emt 0:00:27]} 22. Be5 {[%emt 0:00:05]} Nd7 {[%emt 0:00:05]} 23. Bg3 {[%emt 0:00:01]} Nc4 {[%emt 0:00:08]} 24. Ba2 {[%emt 0:00:39]} Nf6 {[%emt 0:00:07]} 25. Bh4 {[%emt 0:00:06]} Red8 {[%emt 0:00:08]} 26. Bxf6 {[%emt 0:00:03]} gxf6 {[%emt 0:00:02]} 27. Nh2 {[%emt 0:00:05]} Kg7 {[%emt 0:00:06]} 28. Bb1 {[%emt 0:00:02]} Rb8 {[%emt 0:00:12]} 29. Ng4 {[%emt 0:00:07]} Bd6 {[%emt 0:00:14]} 30. Ne3 {[%emt 0:00:02]} Nxe3 {[%emt 0:00:04]} 31. Rxe3 {[%emt 0:00:01]} a5 {[%emt 0:00:05]} 32. Ne2 {[%emt 0:00:11]} b4 {[%emt 0:00:15]} 33. axb4 {[%emt 0:00:03]} axb4 {[%emt 0:00:01]} 34. cxb4 {[%emt 0:00:05]} Rxb4 {[%emt 0:00:05]} 35. Nc3 {[%emt 0:00:16]} Ba8 {[%emt 0:00:30]} 36. Nd1 {[%emt 0:00:02]} Bf4 {[%emt 0:00:07]} 37. Ra3 {[%emt 0:00:08]} Be5 {[%emt 0:00:05]} 38. Nc3 {[%emt 0:00:08]} Rxb2 {[%emt 0:00:06]} 39. Na4 {[%emt 0:00:07]} Rbd2 {[%emt 0:00:04]} 40. Nb6 {[%emt 0:00:05]} Bc6 {[%emt 0:00:07]} 41. Nc4 {[%emt 0:00:02]} Rd1 {[%emt 0:00:02]} 0-1

[Event "GER-chW Blitz 2019"]
[Site "Magdeburg"]
[Date "2019.05.25"]
[Round "19.7"]
[White "Zimmer, Elke"]
[Black "Hofmann, Karina"]
[Result "1-0"]
[WhiteElo "1926"]
[BlackElo "1700"]
[Annotator "NA"]
[PlyCount "124"]
[EventDate "2019.05.25"]
[EventType "tourn"]
[EventCountry "GER"]
[SourceTitle "playchess.com"]
[Source "ChessBase"]
[SourceQuality "1"]
[TimeControl "180+2"]

1. e4 {[%emt 0:00:00]} b6 {[%emt 0:00:00]} 2. d4 {[%emt 0:00:01]} Bb7 {[%emt 0:00:00]} 3. Nc3 {[%emt 0:00:03]} g6 {[%emt 0:00:00]} 4. Nf3 {[%emt 0:00:02]} Bg7 {[%emt 0:00:02]} 5. Be2 {[%emt 0:00:07]} d6 {[%emt 0:00:02]} 6. Be3 {[%emt 0:00:05]} Nd7 {[%emt 0:00:01]} 7. Qd2 {[%emt 0:00:02]} e6 {[%emt 0:00:02]} 8. O-O {[%emt 0:00:05]} Ngf6 {[%emt 0:00:01]} 9. Bh6 {[%emt 0:00:03]} Nxe4 {[%emt 0:00:34]} 10. Nxe4 {[%emt 0:00:02]} Bxh6 {[%emt 0:00:05]} 11. Qxh6 {[%emt 0:00:05]} Bxe4 {[%emt 0:00:02]} 12. Qg7 {[%emt 0:00:02]} Qf6 {[%emt 0:00:03]} 13. Qxf6 {[%emt 0:00:06]} Nxf6 {[%emt 0:00:02]} 14. c3 {[%emt 0:00:02]} O-O-O {[%emt 0:00:14]} 15. Rfe1 {[%emt 0:00:02]} d5 {[%emt 0:00:13]} 16. Nd2 {[%emt 0:00:04]} h5 {[%emt 0:00:05]} 17. f3 {[%emt 0:00:17]} Bf5 {[%emt 0:00:01]} 18. a4 {[%emt 0:00:19]} a5 {[%emt 0:00:02]} 19. b4 {[%emt 0:00:04]} axb4 {[%emt 0:00:03]} 20. cxb4 {[%emt 0:00:00]} Kb7 {[%emt 0:00:05]} 21. a5 {[%emt 0:00:03]} Rd6 {[%emt 0:00:06]} 22. Nb3 {[%emt 0:00:16]} Bc2 {[%emt 0:00:07]} 23. axb6 {[%emt 0:00:14]} Bxb3 {[%emt 0:00:24]} 24. bxc7 {[%emt 0:00:02]} Bc4 {[%emt 0:00:12]} 25. Bd1 {[%emt 0:00:21]} Rc6 {[%emt 0:00:06]} 26. b5 {[%emt 0:00:04]} Rxc7 {[%emt 0:00:04]} 27. Ba4 {[%emt 0:00:06]} Nd7 {[%emt 0:00:08]} 28. Reb1 {[%emt 0:00:05]} Nb6 {[%emt 0:00:01]} 29. Bd1 {[%emt 0:00:05]} Rhc8 {[%emt 0:00:02]} 30. g4 {[%emt 0:00:10]} hxg4 {[%emt 0:00:05]} 31. fxg4 {[%emt 0:00:01]} Bd3 {[%emt 0:00:05]} 32. Rb3 {[%emt 0:00:08]} Bc4 {[%emt 0:00:14]} 33. Rf3 {[%emt 0:00:01]} Ra8 {[%emt 0:00:04]} 34. Rxa8 {[%emt 0:00:02]} Nxa8 {[%emt 0:00:01]} 35. Kf2 {[%emt 0:00:11]} Bxb5 {[%emt 0:00:01]} 36. Bc2 {[%emt 0:00:04]} Nb6 {[%emt 0:00:02]} 37. h4 {[%emt 0:00:01]} Nc4 {[%emt 0:00:01]} 38. h5 {[%emt 0:00:03]} gxh5 {[%emt 0:00:01]} 39. gxh5 {[%emt 0:00:01]} Nd6 {[%emt 0:00:05]} 40. h6 {[%emt 0:00:02]} f5 {[%emt 0:00:01]} 41. Re3 {[%emt 0:00:04]} Ne4+ {[%emt 0:00:02]} 42. Bxe4 {[%emt 0:00:00]} dxe4 {[%emt 0:00:01]} 43. Rh3 {[%emt 0:00:03]} Rh7 {[%emt 0:00:00]} 44. Ke3 {[%emt 0:00:01]} Kc6 {[%emt 0:00:01]} 45. Kf4 {[%emt 0:00:01]} Kd5 46. Kg5 Kxd4 {[%emt 0:00:03]} 47. Kg6 {[%emt 0:00:01]} Rd7 {[%emt 0:00:03]} 48. h7 {[%emt 0:00:01]} Rxh7 {[%emt 0:00:04]} 49. Rxh7 {[%emt 0:00:01]} f4 {[%emt 0:00:04]} 50. Rb7 {[%emt 0:00:04]} Bc4 {[%emt 0:00:01]} 51. Rd7+ {[%emt 0:00:01]} Bd5 {[%emt 0:00:01]} 52. Kg5 {[%emt 0:00:01]} f3 {[%emt 0:00:01]} 53. Kg4 {[%emt 0:00:03]} Ke3 {[%emt 0:00:02]} 54. Ra7 {[%emt 0:00:08]} f2 {[%emt 0:00:04]} 55. Rf7 {[%emt 0:00:08]} Ke2 {[%emt 0:00:02]} 56. Kf4 {[%emt 0:00:04]} e3 {[%emt 0:00:02]} 57. Ke5 {[%emt 0:00:04]} Bg2 {[%emt 0:00:01]} 58. Rd7 {[%emt 0:00:03]} f1=Q {[%emt 0:00:02]} 59. Ra7 {[%emt 0:00:04]} Qf5+ {[%emt 0:00:02]} 60. Kd6 {[%emt 0:00:01]} Qd5+ {[%emt 0:00:01]} 61. Ke7 {[%emt 0:00:01]} Qc5+ {[%emt 0:00:01]} 62. Kf6 {[%emt 0:00:02]} Qxa7 {[%emt 0:00:01]} 1-0

[Event "GER-chW Blitz 2019"]
[Site "Magdeburg"]
[Date "2019.05.25"]
[Round "19.8"]
[White "Kopylov, Luba"]
[Black "Siegl, Melina"]
[Result "0-1"]
[WhiteElo "2078"]
[BlackElo "2029"]
[Annotator "NA"]
[PlyCount "62"]
[EventDate "2019.05.25"]
[EventType "tourn"]
[EventCountry "GER"]
[SourceTitle "playchess.com"]
[Source "ChessBase"]
[SourceQuality "1"]
[TimeControl "180+2"]

1. d4 {[%emt 0:00:00]} f5 {[%emt 0:00:00]} 2. Bg5 {[%emt 0:00:02]} d6 {[%emt 0:00:00]} 3. e3 {[%emt 0:00:04]} g6 {[%emt 0:00:01]} 4. c3 {[%emt 0:00:03]} Bg7 {[%emt 0:00:01]} 5. Nd2 {[%emt 0:00:03]} c6 {[%emt 0:00:04]} 6. Bd3 {[%emt 0:00:02]} Nf6 {[%emt 0:00:01]} 7. Qc2 {[%emt 0:00:03]} O-O {[%emt 0:00:03]} 8. Ngf3 {[%emt 0:00:07]} Qe8 {[%emt 0:00:01]} 9. O-O-O {[%emt 0:00:10]} e5 {[%emt 0:00:01]} 10. dxe5 {[%emt 0:00:06]} dxe5 {[%emt 0:00:01]} 11. Bc4+ {[%emt 0:00:03]} Kh8 {[%emt 0:00:02]} 12. h4 {[%emt 0:00:19]} b5 {[%emt 0:00:01]} 13. Bb3 {[%emt 0:00:09]} Nh5 {[%emt 0:00:11]} 14. Nf1 {[%emt 0:00:28]} Nd7 {[%emt 0:00:04]} 15. Ng3 {[%emt 0:00:08]} Nxg3 {[%emt 0:00:11]} 16. fxg3 {[%emt 0:00:01]} h6 {[%emt 0:00:01]} 17. h5 {[%emt 0:00:09]} Nc5 {[%emt 0:00:28]} 18. hxg6 {[%emt 0:00:05]} Nxb3+ {[%emt 0:00:02]} 19. Qxb3 {[%emt 0:00:01]} Qxg6 {[%emt 0:00:04]} 20. Be7 {[%emt 0:00:57]} Be6 {[%emt 0:00:09]} 21. Nh4 {[%emt 0:00:14]} Qf7 {[%emt 0:00:12]} 22. Qb4 {[%emt 0:00:02]} Rfe8 {[%emt 0:00:07]} 23. Bc5 {[%emt 0:00:02]} a5 {[%emt 0:00:01]} 24. Qa3 {[%emt 0:00:05]} b4 {[%emt 0:00:16]} 25. cxb4 axb4 {[%emt 0:00:02]} 26. Qd3 {[%emt 0:00:09]} Rxa2 {[%emt 0:00:03]} 27. g4 {[%emt 0:00:04]} e4 {[%emt 0:00:06]} 28. gxf5 {[%emt 0:00:07]} exd3 {[%emt 0:00:08]} 29. Ng6+ {[%emt 0:00:03]} Kh7 {[%emt 0:00:06]} 30. fxe6 {[%emt 0:00:04]} Qxg6 {[%emt 0:00:05]} 31. Rd2 {[%emt 0:00:02]} Ra1# {[%emt 0:00:07]} 0-1

[Event "GER-chW Blitz 2019"]
[Site "Magdeburg"]
[Date "2019.05.25"]
[Round "19.9"]
[White "Gheng, Simona"]
[Black "Muetsch, Annmarie"]
[Result "1-0"]
[WhiteElo "1991"]
[BlackElo "2266"]
[Annotator "NA"]
[PlyCount "111"]
[EventDate "2019.05.25"]
[EventType "tourn"]
[EventCountry "GER"]
[SourceTitle "playchess.com"]
[Source "ChessBase"]
[SourceQuality "1"]
[TimeControl "180+2"]

1. e4 {[%emt 0:00:00]} c5 {[%emt 0:00:00]} 2. c4 {[%emt 0:00:00]} Nc6 {[%emt 0:00:00]} 3. Nc3 {[%emt 0:00:03]} g6 {[%emt 0:00:01]} 4. g3 {[%emt 0:00:01]} Bg7 5. Bg2 Nf6 {[%emt 0:00:03]} 6. d3 {[%emt 0:00:01]} d6 {[%emt 0:00:02]} 7. Nge2 {[%emt 0:00:01]} O-O {[%emt 0:00:03]} 8. O-O {[%emt 0:00:01]} Bg4 {[%emt 0:00:04]} 9. f3 {[%emt 0:00:02]} Bd7 {[%emt 0:00:01]} 10. f4 {[%emt 0:00:01]} a6 {[%emt 0:00:06]} 11. a3 {[%emt 0:00:03]} Ne8 {[%emt 0:00:04]} 12. Rb1 {[%emt 0:00:01]} Nd4 {[%emt 0:00:10]} 13. Nxd4 {[%emt 0:00:14]} Bxd4+ {[%emt 0:00:05]} 14. Kh1 {[%emt 0:00:01]} Rb8 {[%emt 0:00:03]} 15. Ne2 {[%emt 0:00:03]} Bg7 {[%emt 0:00:04]} 16. f5 {[%emt 0:00:01]} e6 {[%emt 0:00:06]} 17. fxg6 {[%emt 0:00:16]} hxg6 {[%emt 0:00:07]} 18. Nf4 {[%emt 0:00:01]} Nf6 {[%emt 0:00:08]} 19. Bd2 {[%emt 0:00:09]} b5 {[%emt 0:00:09]} 20. b4 {[%emt 0:00:09]} bxc4 {[%emt 0:00:08]} 21. dxc4 {[%emt 0:00:02]} Bc6 {[%emt 0:00:07]} 22. Qe2 {[%emt 0:00:07]} Qc7 {[%emt 0:00:17]} 23. Nd3 {[%emt 0:00:23]} Nd7 {[%emt 0:00:07]} 24. Bf4 {[%emt 0:00:12]} Ne5 {[%emt 0:00:17]} 25. Nxe5 {[%emt 0:00:08]} dxe5 {[%emt 0:00:06]} 26. Be3 {[%emt 0:00:06]} cxb4 {[%emt 0:00:02]} 27. axb4 {[%emt 0:00:01]} Qb7 {[%emt 0:00:08]} 28. Bc5 {[%emt 0:00:11]} Rfd8 {[%emt 0:00:08]} 29. Rfd1 {[%emt 0:00:02]} Bf6 {[%emt 0:00:13]} 30. Bd6 {[%emt 0:00:12]} Rbc8 {[%emt 0:00:07]} 31. b5 {[%emt 0:00:04]} Be8 {[%emt 0:00:06]} 32. b6 {[%emt 0:00:19]} Bc6 {[%emt 0:00:05]} 33. Bc7 {[%emt 0:00:04]} Rd4 {[%emt 0:00:16]} 34. Rxd4 {[%emt 0:00:10]} exd4 {[%emt 0:00:01]} 35. e5 {[%emt 0:00:03]} Bd8 {[%emt 0:00:07]} 36. Bxd8 {[%emt 0:00:08]} Rxd8 {[%emt 0:00:03]} 37. Bxc6 {[%emt 0:00:03]} Qxc6+ {[%emt 0:00:01]} 38. Qg2 {[%emt 0:00:01]} Qxc4 {[%emt 0:00:17]} 39. b7 {[%emt 0:00:01]} Rb8 {[%emt 0:00:02]} 40. Qe4 {[%emt 0:00:18]} a5 {[%emt 0:00:12]} 41. Rb6 {[%emt 0:00:22]} a4 {[%emt 0:00:07]} 42. Qb1 {[%emt 0:00:04]} a3 {[%emt 0:00:02]} 43. Kg2 {[%emt 0:00:07]} a2 {[%emt 0:00:02]} 44. Qa1 {[%emt 0:00:00]} d3 {[%emt 0:00:03]} 45. Rb2 {[%emt 0:00:03]} Qd5+ {[%emt 0:00:03]} 46. Kh3 {[%emt 0:00:01]} Rxb7 {[%emt 0:00:02]} 47. Rxb7 Qxb7 {[%emt 0:00:01]} 48. Qxa2 {[%emt 0:00:02]} Qe4 {[%emt 0:00:03]} 49. Qa3 {[%emt 0:00:03]} Kg7 {[%emt 0:00:04]} 50. Qd6 {[%emt 0:00:02]} Qf5+ {[%emt 0:00:03]} 51. Kg2 {[%emt 0:00:01]} Qe4+ {[%emt 0:00:01]} 52. Kh3 {[%emt 0:00:00]} Qe2 {[%emt 0:00:02]} 53. Qd8 {[%emt 0:00:01]} Qf3 {[%emt 0:00:01]} 54. Qe7 {[%emt 0:00:04]} d2 {[%emt 0:00:02]} 55. Qd8 {[%emt 0:00:02]} d1=Q {[%emt 0:00:01]} 56. Qxd1 1-0

[Event "GER-chW Blitz 2019"]
[Site "Magdeburg"]
[Date "2019.05.25"]
[Round "19.10"]
[White "Kunze, Kerstin"]
[Black "Michna, Marta"]
[Result "0-1"]
[WhiteElo "2066"]
[BlackElo "2355"]
[Annotator "NA"]
[PlyCount "74"]
[EventDate "2019.05.25"]
[EventType "tourn"]
[EventCountry "GER"]
[SourceTitle "playchess.com"]
[Source "ChessBase"]
[SourceQuality "1"]
[TimeControl "180+2"]

1. e4 {[%emt 0:00:00]} e6 {[%emt 0:00:00]} 2. d4 {[%emt 0:00:03]} d5 {[%emt 0:00:00]} 3. exd5 {[%emt 0:00:08]} exd5 {[%emt 0:00:01]} 4. c4 {[%emt 0:00:01]} Bb4+ {[%emt 0:00:05]} 5. Nc3 {[%emt 0:00:03]} Nc6 {[%emt 0:00:01]} 6. Nf3 {[%emt 0:00:02]} Nf6 {[%emt 0:00:08]} 7. Be2 {[%emt 0:00:01]} O-O {[%emt 0:00:02]} 8. O-O {[%emt 0:00:06]} Bg4 {[%emt 0:00:22]} 9. cxd5 {[%emt 0:00:15]} Nxd5 {[%emt 0:00:06]} 10. Qb3 {[%emt 0:00:01]} Be6 {[%emt 0:00:29]} 11. Nxd5 {[%emt 0:00:34]} Bxd5 {[%emt 0:00:02]} 12. Qa4 {[%emt 0:00:05]} a6 {[%emt 0:00:27]} 13. Be3 {[%emt 0:00:02]} Qf6 {[%emt 0:00:12]} 14. Rac1 {[%emt 0:00:18]} Bd6 {[%emt 0:00:04]} 15. h3 {[%emt 0:00:13]} Rfe8 {[%emt 0:00:09]} 16. a3 {[%emt 0:00:09]} h6 {[%emt 0:00:02]} 17. Qc2 {[%emt 0:00:17]} Bf4 {[%emt 0:00:06]} 18. Qd2 {[%emt 0:00:14]} Bd6 {[%emt 0:00:22]} 19. Ne1 {[%emt 0:00:18]} Rad8 {[%emt 0:00:03]} 20. Bf3 {[%emt 0:00:02]} Bf8 {[%emt 0:00:08]} 21. Bxd5 {[%emt 0:00:10]} Rxd5 {[%emt 0:00:01]} 22. Nf3 {[%emt 0:00:03]} Red8 {[%emt 0:00:02]} 23. Rc4 {[%emt 0:00:06]} Bd6 {[%emt 0:00:13]} 24. Qc3 {[%emt 0:00:04]} Ne7 {[%emt 0:00:08]} 25. Ne5 {[%emt 0:00:05]} b5 {[%emt 0:00:05]} 26. Rxc7 {[%emt 0:00:05]} Bxc7 {[%emt 0:00:02]} 27. Qxc7 {[%emt 0:00:01]} Qd6 {[%emt 0:00:02]} 28. Qc3 {[%emt 0:00:03]} Ng6 {[%emt 0:00:05]} 29. Nd3 {[%emt 0:00:04]} Re8 {[%emt 0:00:00]} 30. Qa5 {[%emt 0:00:02]} Qf6 {[%emt 0:00:11]} 31. Rc1 {[%emt 0:00:03]} Nh4 {[%emt 0:00:08]} 32. Ne1 {[%emt 0:00:04]} Qg6 {[%emt 0:00:05]} 33. Qc7 {[%emt 0:00:03]} Rd6 {[%emt 0:00:06]} 34. Kh1 {[%emt 0:00:08]} Rf6 {[%emt 0:00:02]} 35. Qd7 {[%emt 0:00:03]} Nf5 {[%emt 0:00:01]} 36. Qxe8+ Kh7 {[%emt 0:00:00]} 37. Qe5 {[%emt 0:00:06]} Re6 {[%emt 0:00:00]} 0-1